| 000 | 00537nam a2200181Ia 4500 | ||
|---|---|---|---|
| 003 | LK-CoDNM | ||
| 008 | 010623t1999 xxu||||| |||| 00| 1 sin d | ||
| 040 |
_aLK-CoDNM _dLK-CoDNM _eLK-CoDNM |
||
| 041 | _asin | ||
| 080 |
_a741.45 _bJAY |
||
| 100 | _aJayathilaka, Amaranath | ||
| 245 | _aචිත්රපට ශිල්පය සහ සිංහල සිනමාව | ||
| 246 | _aChithrapata shilpaya saha sinhala cinemava | ||
| 260 |
_bM.D.Gunasena _aColombo _c1999 |
||
| 300 | _b140, 22 cm | ||
| 650 | _aCinema | ||
| 942 | _cBK | ||
| 999 |
_c119562 _d119562 |
||